Technologické a metalurgické aspekty oblúkového spájkovania austenitickej ocele 304L

Gespeichert in:
Bibliographische Detailangaben
1. Verfasser: Kubíček, Rastislav, 1980- (Verfasst von)
Weitere Verfasser: Sejč, Pavol, 1964- (Betreuung Doktorarbeit)
Format: Manuskript Buch
Sprache:Slowakisch
Schlagworte:
Online-Zugang:http://is.stuba.sk/zp/portal_zp.pl?podrobnosti=70696
Tags: Tag hinzufügen
Keine Tags, Fügen Sie das erste Tag hinzu!

MARC

LEADER 00000ntm a22000003a 4500
001 stuzp15978
003 SK-STU
005 20150617230329.9
007 ta
008 150427s2015----xo-----f-mn---000-0-slo-d
040 |a STU  |b slo 
041 0 |a slo 
100 1 |a Kubíček, Rastislav,  |d 1980-  |u 020050  |4 aut  |U SjF Strojnícka fakulta  |T SjF Ústav technológií a materiálov  |X 31732  |U J0050  |Y 803  |7 A000031732 
242 0 1 |a Technological and Metalurgical Aspects of Arc-Brazing of Austenitic Steel 304L  |y eng 
245 1 0 |a Technologické a metalurgické aspekty oblúkového spájkovania austenitickej ocele 304L 
650 4 |a oceľ 304L  |2 slo 
650 4 |a oblúkové spájkovanie  |2 slo 
650 4 |a prenos kovu v oblúku  |2 slo 
650 4 |a Arc-Brazing  |2 eng 
650 4 |a Arc metal transfer  |2 eng 
650 4 |a Steel 304L  |2 eng 
700 1 |a Sejč, Pavol,  |d 1964-  |4 ths  |X 2300  |7 A000002300 
856 4 |u http://is.stuba.sk/zp/portal_zp.pl?podrobnosti=70696 
SQL |a stuzp15978  |b DDZ  |c SLO  |d Technologické a metalurgické aspekty oblúkového spájkovania austenitickej ocele 304L  |e 31732  |f Kubíček, Rastislav  |g 020050  |h 2300  |i Sejč, Pavol  |j 20140826  |k 69  |l 02  |m http://is.stuba.sk/zp/portal_zp.pl?podrobnosti=70696